| 000 | 00712nam a2200193 u 4500 | ||
|---|---|---|---|
| 001 | 000020439 | ||
| 005 | 20240418073801.0 | ||
| 008 | 100813s2016 dr 000 0 spa d | ||
| 020 | _a9789993475262 | ||
| 040 |
_aDO-SdBNP _bspa _cBNPHU |
||
| 082 |
_axxx _bxxx |
||
| 245 | 0 | 0 |
_aBase legal del centro de capacitación en política y gestión fiscal / _ccompilador, editor Miguel Collado. |
| 260 |
_aSanto Domingo : _bConsejo Superior del CAPGEFI, _c2016. |
||
| 300 |
_a186 p. ; _c24 cm. |
||
| 490 | 1 |
_aCAPGEFI _aLegislativa _v17 |
|
| 500 | _aIncluye referencias bibliográficas y notas al pie de las páginas | ||
| 700 | 1 | 2 |
_aCollado, Miguel A., _d1954- _ecompilador _924696 |
| 830 | 0 |
_aCAPGEFI _pLegislativa _n17 _943110 |
|
| 999 |
_c19943 _d19943 |
||